00293nam a22001091i 4500001000400000100004100004200004800045215001800093700002400111701002900135210001900164838 a20170304u u u0frey50 ba1 fNelson MendesaEscola.Escola. Quem és tu? a397pd'22 cm' 1aMendesbNelson4070 1aFonsecabVítor da4070 cBásicad1977